000 00589nam a2200217 a 4500
001 BRL_984
005 20190320211000.0
008 301013s1958----mx-#######---#000-1#spa-#
041 _aspa
044 _amx
050 4 _aPQ7297
_b.L48 41 1958
100 1 _aDueñas, Guadalupe
_925500
245 1 0 _aTiene la noche un árbol
_cpor Guadalupe Dueñas.
260 _aMéxico
_bDondo de Cultura Económica
_c1958
300 _a124 p.
_c18 cm.
440 0 _aLetras mexicanas
_v41
_925501
500 _aAu1089
650 1 4 _aCuentos mexicanos
_ySiglo XX
_925042
902 _aGRL
942 _2lcc
_cB
999 _c9796
_d9796